| Tag |
First Indicator |
Second Indicator |
Subfields |
| LEADER |
00000cam a2200000 a 4500 |
| 001 |
in00002525713 |
| 005 |
20151111074623.0 |
| 008 |
090904s2009 au abh b 000 0 ger c |
| 016 |
7 |
|
|a 994022352
|2 GyFmDB
|
| 020 |
|
|
|a 9783552054769 (pbk.)
|
| 020 |
|
|
|a 3552054766 (pbk.)
|
| 029 |
0 |
|
|a OHX
|b har090070943
|
| 035 |
|
|
|a (OCoLC)ocn436028818
|
| 040 |
|
|
|a OHX
|c OHX
|d TXA
|d UtOrBLW
|
| 042 |
|
|
|a pcc
|
| 049 |
|
|
|a TXAM
|
| 050 |
|
4 |
|a PT2668.A5
|b Z81208 2009
|
| 072 |
|
7 |
|a PT
|2 lcco
|
| 245 |
0 |
0 |
|a Peter Handke :
|b Freiheit des Schreibens, Ordnung der Schrift /
|c herausgegeben von Klaus Kastberger ; unter Mitarbeit von Clemens Özelt.
|
| 264 |
|
1 |
|a Wien :
|b Zsolnay,
|c 2009.
|
| 300 |
|
|
|a 347 pages :
|b illustrations (chiefly color), color map ;
|c 24 cm.
|
| 336 |
|
|
|a text
|b txt
|2 rdacontent
|
| 337 |
|
|
|a unmediated
|b n
|2 rdamedia
|
| 338 |
|
|
|a volume
|b nc
|2 rdacarrier
|
| 490 |
1 |
|
|a Profile ;
|v Bd. 16
|
| 504 |
|
|
|a Includes bibliographical references.
|
| 600 |
1 |
0 |
|a Handke, Peter
|x Criticism and interpretation.
|
| 600 |
1 |
0 |
|a Handke, Peter
|v Manuscripts
|v Facsimiles.
|
| 700 |
1 |
|
|a Kastberger, Klaus,
|d 1963-
|
| 700 |
1 |
|
|a Özelt, Clemens,
|d 1984-
|
| 830 |
|
0 |
|a Profile (Vienna, Austria) ;
|v Bd. 16.
|
| 938 |
|
|
|a Otto Harrassowitz
|b HARR
|n har090070943
|
| 948 |
|
|
|a cataloged
|b h
|c 2009/10/7
|d c
|e jmarner
|f 4:05:27 pm
|
| 994 |
|
|
|a C0
|b TXA
|
| 999 |
|
|
|a MARS
|
| 999 |
f |
f |
|s 1feac5ea-2862-3f48-b71e-2b5ed45ac387
|i 295cee02-93bb-3b77-9ab5-796d1434702b
|t 0
|
| 952 |
f |
f |
|p normal
|a Texas A&M University
|b College Station
|c Sterling C. Evans Library
|d Evans: Library Stacks
|t 0
|e PT2668.A5 Z81208 2009
|h Library of Congress classification
|i unmediated -- volume
|m A14838854121
|
| 998 |
f |
f |
|a PT2668.A5 Z81208 2009
|t 0
|l Evans: Library Stacks
|